A 3-D PRiNTiNG MiSSiON / (Record no. 174408)
[ view plain ]
| 000 -LEADER | |
|---|---|
| fixed length control field | 01595nam a22003737ia4500 |
| 003 - CONTROL NUMBER IDENTIFIER | |
| control field | PPAK |
| 005 - DATE AND TIME OF LATEST TRANSACTION | |
| control field | 20191013120152.0 |
| 008 - FIXED-LENGTH DATA ELEMENTS--GENERAL INFORMATION | |
| fixed length control field | 190922t20192019mnua b |||| 000 0 eng d |
| 020 ## - INTERNATIONAL STANDARD BOOK NUMBER | |
| International Standard Book Number | 9781496577498 |
| Terms of availability | RM34.20 |
| Qualifying information | paperback |
| 040 ## - CATALOGING SOURCE | |
| Original cataloging agency | PPAK |
| Language of cataloging | eng |
| Transcribing agency | PPAK |
| Description conventions | rda |
| 082 04 - DEWEY DECIMAL CLASSIFICATION NUMBER | |
| Edition number | 23 |
| Classification number | 621.9 |
| 090 00 - LOCALLY ASSIGNED LC-TYPE CALL NUMBER (OCLC); LOCAL CALL NUMBER (RLIN) | |
| Classification number (OCLC) (R) ; Classification number, CALL (RLIN) (NR) | 621.9 |
| Feature heading | MIL |
| Feature heading | K |
| 100 1# - MAIN ENTRY--PERSONAL NAME | |
| Personal name | Miller, Shannon McClintock, |
| Relator term | author. |
| 245 12 - TITLE STATEMENT | |
| Title | A 3-D PRiNTiNG MiSSiON / |
| Statement of responsibility, etc. | WRITTEN BY SHANNON MCCLINTOCK MILLER AND BLACK HOENA ; ILLUSTRATED BY ALAN BROWN |
| 264 #1 - PRODUCTION, PUBLICATION, DISTRIBUTION, MANUFACTURE, AND COPYRIGHT NOTICE | |
| Place of production, publication, distribution, manufacture | North Mankato, Minnesota : |
| Name of producer, publisher, distributor, manufacturer | STONE ARCH BOOKS , |
| Date of production, publication, distribution, manufacture, or copyright notice | [2019] |
| Date of production, publication, distribution, manufacture, or copyright notice | © 2019 |
| 300 ## - PHYSICAL DESCRIPTION | |
| Extent | 32 pages : |
| Other physical details | colour illustrations ; |
| Dimensions | 23 cm |
| 336 ## - CONTENT TYPE | |
| Source | rdacontent |
| Content type term | text |
| 337 ## - MEDIA TYPE | |
| Source | rdamedia |
| Media type term | unmediated |
| 338 ## - CARRIER TYPE | |
| Source | rdacarrier |
| Carrier type term | volume |
| 490 1# - SERIES STATEMENT | |
| Series statement | ADVENTURES iN MAKERSPACE |
| 500 ## - GENERAL NOTE | |
| General note | "A 4D book"--Back cover. |
| 505 ## - FORMATTED CONTENTS NOTE | |
| Title | Meet the specialist - |
| -- | Meet the students -- |
| -- | A cool surprise --<br/><br/> |
| -- | Fairy tale forest --<br/><br/> |
| -- | The real world. |
| 520 ## - SUMMARY, ETC. | |
| Summary, etc. | When you have a problem, where can you go for answers? The library! When Matt and his friends join Ms. Gillian, the specialist, on another adventure in makerspace, they find themselves in a fairy-tale world. Can they build their way out? |
| 521 1# - TARGET AUDIENCE NOTE | |
| Target audience note | Ages 8-10 |
| 650 10 - SUBJECT ADDED ENTRY--TOPICAL TERM | |
| Topical term or geographic name entry element | Three-dimensional printing |
| Form subdivision | Juvenile literature |
| Topical term or geographic name entry element | Makerspaces |
| Form subdivision | Juvenile literature |
| Topical term or geographic name entry element | Three-dimensional printing |
| Form subdivision | Comic books, strips |
| Topical term or geographic name entry element | Makerspace |
| Form subdivision | Comic books, strips |
| 700 1# - ADDED ENTRY--PERSONAL NAME | |
| Personal name | Hoena, Blake, |
| Relator term | author. |
| Personal name | Brown, Alan, |
| Relator term | illustrator. |
| 830 #0 - SERIES ADDED ENTRY--UNIFORM TITLE | |
| Uniform title | Adventures in makerspace |
| 942 ## - ADDED ENTRY ELEMENTS (KOHA) | |
| Source of classification or shelving scheme | Dewey Decimal Classification |
| Koha item type | Book |
| Withdrawn | Not for loan | Current library | Shelving location | Date acquired | Full call number | Barcode | Date last seen | Koha item type | Total Checkouts | Date last checked out | Total Renewals |
|---|---|---|---|---|---|---|---|---|---|---|---|
| Perpustakaan Alor Setar | Pinjaman Kanak-kanak | 29/10/2019 | K 621.9 MIL | A01617636 | 29/10/2019 | Book | |||||
| Perpustakaan Awam Sungai Petani | Pinjaman Kanak-kanak | 29/10/2019 | K 621.9 MIL | A01617637 | 07/12/2024 | Book | 2 | 23/11/2024 | |||
| Perpustakaan Jitra | Pinjaman Kanak-kanak | 29/10/2019 | K 621.9 MIL | A01617638 | 29/10/2019 | Book | |||||
| Perpustakaan Kulim | Pinjaman Kanak-kanak | 29/10/2019 | K 621.9 MIL | A01617639 | 19/04/2021 | Book | 2 | 30/03/2021 | 1 | ||
| Perpustakaan Langkawi | Pinjaman Kanak-kanak | 29/10/2019 | K 621.9 MIL | A01617640 | 29/10/2019 | Book |